Giải tích hàm

সংরক্ষণ করুন:
গ্রন্থ-পঞ্জীর বিবরন
প্রধান লেখক: Nguyễn, Xuân Liêm
বিন্যাস: গ্রন্থ
ভাষা:Undetermined
প্রকাশিত: Hà Nội Giáo Dục 1994
বিষয়গুলি:
ট্যাগগুলো: ট্যাগ যুক্ত করুন
কোনো ট্যাগ নেই, প্রথমজন হিসাবে ট্যাগ করুন!
Thư viện lưu trữ: Trung tâm Học liệu Trường Đại học Cần Thơ
LEADER 00547nam a2200205Ia 4500
001 CTU_1365
008 210402s9999 xx 000 0 und d
082 |a 515.7 
082 |b L304 
100 |a Nguyễn, Xuân Liêm 
245 0 |a Giải tích hàm 
245 0 |c Nguyễn Xuân Liêm 
260 |a Hà Nội 
260 |b Giáo Dục 
260 |c 1994 
526 |a Giải tích hàm 
526 |b TN191 
650 |a Functional analysis 
904 |i Minh, 960813 
980 |a Trung tâm Học liệu Trường Đại học Cần Thơ